000 00215nam a22000857a 4500
999 _c10996
_d10996
008 180713b ||||| |||| 00| 0 eng d
100 _aHelfand Lewis
_96780
245 _aMuhammad Ali
260 _aNew Delhi
_bCampfire
_c2016